Разработка SiC-Zr композитов на основе прекерамических бумаг; Перспективы развития фундаментальных наук; Т. 1 : Физика

Bibliographische Detailangaben
Parent link:Перспективы развития фундаментальных наук=Prospects of Fundamental Sciences Development: сборник научных трудов XXI Международной конференции студентов, аспирантов и молодых ученых, г. Томск, 23-26 апреля 2024 г./ Национальный исследовательский Томский политехнический университет ; под ред. И. А. Курзиной [и др.].— .— Томск: Изд-во ТПУ
Т. 1 : Физика.— 2024.— С. 103-105
1. Verfasser: Воронцов З. В.
Körperschaft: Национальный исследовательский Томский политехнический университет (570)
Weitere Verfasser: Седанова Е. П. Елизавета Павловна (научный руководитель)
Zusammenfassung:Заглавие с экрана
In this study, laminated SiC-Zr composites were prepared at sintering temperatures of 1800 and 1900 °C. From the microstructure of these samples, three layers can be distinguished: 1 – metallic zirconium, 2 – reacted layer and 3 – porous SiC ceramics. From the EDS analysis it was revealed that the first layer is zirconium oxide, the second is a compound of the Zr-C-O system, and the third is unreacted silicon carbide
Текстовый файл
Sprache:Russisch
Veröffentlicht: 2024
Schlagworte:
Online-Zugang:http://earchive.tpu.ru/handle/11683/80556
Format: MixedMaterials Elektronisch Buchkapitel
KOHA link:https://koha.lib.tpu.ru/cgi-bin/koha/opac-detail.pl?biblionumber=674383

MARC

LEADER 00000naa2a2200000 4500
001 674383
005 20241007132113.0
090 |a 674383 
100 |a 20240905d2024 k||y0rusy50 ca 
101 0 |a rus 
102 |a RU 
135 |a drcn ---uucaa 
200 1 |a Разработка SiC-Zr композитов на основе прекерамических бумаг  |d Preparation of SiC-Zr composites based on preceramic papers  |f З. В. Воронцов  |g науч. рук. Е. П. Седанова ; Национальный исследовательский Томский политехнический университет  |z eng 
300 |a Заглавие с экрана 
320 |a Список литературы: 4 назв. 
330 |a In this study, laminated SiC-Zr composites were prepared at sintering temperatures of 1800 and 1900 °C. From the microstructure of these samples, three layers can be distinguished: 1 – metallic zirconium, 2 – reacted layer and 3 – porous SiC ceramics. From the EDS analysis it was revealed that the first layer is zirconium oxide, the second is a compound of the Zr-C-O system, and the third is unreacted silicon carbide 
336 |a Текстовый файл 
461 1 |0 674010  |t Перспективы развития фундаментальных наук  |l Prospects of Fundamental Sciences Development  |o сборник научных трудов XXI Международной конференции студентов, аспирантов и молодых ученых, г. Томск, 23-26 апреля 2024 г.  |9 674010  |c Томск  |n Изд-во ТПУ  |f Национальный исследовательский Томский политехнический университет ; под ред. И. А. Курзиной [и др.] 
463 1 |0 674235  |t Т. 1 : Физика  |v С. 103-105  |d 2024  |9 674235  |p 1 файл (66,9 MB, 392 с.)  |u conference_tpu-2024-C21_V1.pdf  |l Vol. 1 : Physics 
610 1 |a труды учёных ТПУ 
610 1 |a электронный ресурс 
610 1 |a композиты 
610 1 |a SiC 
610 1 |a Zr 
610 1 |a искровое плазменное спекание 
610 1 |a паро-цирконевая реакция 
610 1 |a ламинированные композиты 
610 1 |a прекерамические бумаги 
700 1 |a Воронцов  |b З. В. 
702 1 |a Седанова  |b Е. П.  |c специалист в области ядерных технологий  |c инженер Томского политехнического университета  |f 1994-  |g Елизавета Павловна  |4 727 
712 0 2 |a Национальный исследовательский Томский политехнический университет  |c (2009- )  |9 26305  |4 570 
801 0 |a RU  |b 63413507  |c 20240905  |g RCR 
856 4 |z http://earchive.tpu.ru/handle/11683/80556  |u http://earchive.tpu.ru/handle/11683/80556 
942 |c CF